| 000 | 00000nam##2200000za#4500 |
| 001 | 9.601016 |
| 003 | CaOODSP |
| 005 | 20210624205851 |
| 007 | cr ||||||||||| |
| 008 | 150406|1993||||xxc|||||o f|0| 0 fre|d |
| 040 | |aCaOODSP|bfre |
| 043 | |an-cn--- |
| 086 | 1 |aNM95-57/11-6-1993F-PDF |
| 110 | 1 |aCanada.|bPatrimoine canadien. |bInstitut canadien de conservation. |
| 245 | 10|aComment désencadrer les oeuvres sur papier / |h[ressource électronique]|cpar David Tremain. |
| 260 | |aOttawa - Ontario : |bPatrimoine canadien. |cc1993. |
| 300 | |a4p.|bréférences |
| 490 | 1 |aNotes de l'ICC|v11/6 |
| 500 | |aLe nº de catalogue (NM95-57/11-6-1989F) et l'ISSN (1191-7237) copiés dans cette édition électronique sont incorrects. |
| 590 | |a11-21-Supp|b2011-09-30 |
| 720 | 1 |aTremain, David |
| 775 | 08|tRemoving paper artifacts from their frames / |w(CaOODSP)9.570270 |
| 776 | 0#|tComment désencadrer les oeuvres sur papier |w(CaOODSP)9.622387 |
| 830 | #0|aNotes de l'ICC ;|v11/6|w(CaOODSP)9.502751 |
| 856 | 40|ahttp://publications.gc.ca|qPDF|s1.04 Mo|uhttps://publications.gc.ca/collections/collection_2011/pc-ch/NM95-57-11-6-1993-fra.pdf|y11/6 |